[Event "Corus"]
[Site "Wijk aan Zee"]
[Date "2007.01.24"]
[Round "10"]
[White "Van Wely, Loek"]
[Black "Aronian, Levon"]
[Result "1/2-1/2"]
[WhiteElo "2683"]
[BlackElo "2744"]
[Annotator "Ftacnik,L"]
[PlyCount "80"]
[EventDate "2007.01.13"]
[EventType "tourn"]
[EventRounds "13"]
[EventCountry "NED"]
[EventCategory "19"]
[SourceTitle "CBM 117"]
[Source "ChessBase"]
[SourceDate "2007.03.30"]
[SourceVersion "1"]
[SourceVersionDate "2007.03.30"]
[SourceQuality "1"]

1. d4 Nf6 2. c4 e6 3. Nf3 d5 4. Nc3 Bb4 5. Bg5 Nbd7 6. cxd5 exd5 7. Qc2 c5 8.
a3 Bxc3+ 9. Qxc3 h6 10. Qe3+ {Van Wely decided against testing the dangerous
opponent in the position after exchange of the bishop on f6, even though white
seems to keep the initiative there.} (10. Bxf6 Qxf6 11. e3 O-O 12. Bb5 (12. Be2
b6 13. Rc1 Bb7 14. O-O Rfc8 15. Rfd1 Qe7 16. dxc5 bxc5 17. b4 d4 18. Qd2 Nf6
19. bxc5 dxe3 20. Qxe3 Qxe3 21. fxe3 Ne4 22. Ne5 Nxc5 23. Bc4 {1-0 Kazhgaleyev,
M (2606)-Hanley,C (2419)/Port Erin 2006 (63)}) 12... cxd4 13. Qxd4 Qxd4 14.
Nxd4 Nb6 15. Rc1 a6 16. Be2 Bd7 17. Rc7 Rab8 18. Kd2 Rfd8 19. Rhc1 Kf8 20. b3 {
1/2 Malaniuk,V (2635)-Blatny,P (2510)/Brno 1993 (46)}) 10... Qe7 11. Qxe7+ Kxe7
12. Bf4 (12. Bxf6+ Kxf6 13. dxc5 Nxc5 14. Nd4 Bd7 15. e3 Rac8 16. Be2 Rc7 17.
f3 Ne6 18. Kd2 Rhc8 19. Rac1 Nxd4 20. exd4 Rxc1 21. Rxc1 Rxc1 22. Kxc1 a5 23.
Kd2 {1/2 Alavkin,A (2492)-Landa,K (2584)/Tomsk 2006}) 12... b6 13. dxc5 bxc5
14. b4 a5 {Aronian is the first to deviate from the continuation, that his
opponent already played against another strong GM from Armenia.} (14... Ne4 15.
e3 a5 16. b5 Bb7 17. a4 g5 18. Bg3 Nxg3 19. hxg3 Nb6 20. Bd3 Rad8 21. Ke2 Kf6
22. Rhc1 g4 23. Nh4 c4 24. Bc2 d4 25. exd4 Rxd4 {1/2 Van Wely,L (2675)
-Sargissian,G (2667)/Germany 2006 (45)}) 15. bxc5 (15. b5 g5 16. Bg3 Ne4 17. e3
Nxg3 18. hxg3 g4 19. Nh4 Ne5 $13) 15... Nxc5 16. Nd4 Bd7 17. f3 Rhc8 18. g4 {
White could aspire for advantage, if only his forces could become more
coordinated. Two bishops and opponent's isolated central pawn are strong
arguments, but black has lots of time to improve his pieces.} (18. Rb1 Nh5 19.
Bd2 Nf6 $13) 18... Ne8 19. h4 Nd6 20. Rd1 Na4 $5 (20... Ne6 21. Nxe6 fxe6 22.
Be5 g6 23. e4 Nf7 $11) 21. e3 Rab8 22. Rh2 Nb2 (22... Nc3 23. Rc1 Nb1 24. Rxc8
Rxc8 $11) 23. Ra1 Rb6 (23... Nbc4 24. Rc2 f6 25. e4 g5 26. hxg5 hxg5 27. Bh2
Ne5 28. Rxc8 Rxc8 29. exd5 Rc5 $11) 24. Rd2 Nbc4 25. Rc2 Nb5 {The knight on d4
was too strong an enemy and was onstructing further activisation of the
counterplay.} (25... f5 26. gxf5 Nxf5 27. Nxf5+ Bxf5 28. e4 Be6 29. Rac1 Rbc6
30. Be2 $14) 26. Nxb5 Rxb5 27. e4 Rb3 28. Be2 (28. exd5 Rxf3 29. Rf2 Bxg4 $15)
28... Nxa3 $2 {Aronian is an exceptional player, but at the same time a
fallable mortal. With the help of excellent play he managed to hold equal
chances, but shortly before the gates of draw he is chosing to soldier on.} (
28... Rxa3 $1 29. Rxa3 Nxa3 30. Rxc8 Bxc8 31. exd5 Bb7 32. Bc7 Bxd5 33. Bxa5
Nc2+ 34. Kf2 Nd4 $11) 29. Rxc8 Bxc8 30. Bd1 Rxf3 $2 $138 {Serious mistake in
time trouble, the whole attention obviously went into calculating the saving
manouver of the knight possibly stranded on a1.} (30... Rd3 31. exd5 Bb7 32.
d6+ Kd8 33. Kf2 $14) 31. Bc1 $1 (31. Bxf3 Nc2+ 32. Kd2 Nxa1 33. exd5 Nb3+ 34.
Kc3 a4 35. d6+ Kd7 36. Kb4 Nd4 $11) 31... Rh3 32. Bxa3+ Ke6 33. exd5+ Kxd5 34.
Bf8 Rxh4 35. Rxa5+ Ke6 (35... Kc6 36. Rc5+ Kd7 37. Ba4+ $18) 36. Bxg7 Rh1+ 37.
Kd2 f6 38. Rh5 $4 {[%mdl 8192] A textbook example of a hasty problem solution.
Van Wely had a completely winning position, since even after the exchange of
all pawn rook and bishops would be unable to withstand the coordinated attack
of the white forces.} (38. Bf3 Rh3 39. Be2 Rg3 40. Bxh6 Kf7 41. Ra4 $18) 38...
Rxd1+ $1 39. Kxd1 Kf7 40. Rxh6 Bxg4+ 1/2-1/2

[Event "Belgrade Investbank"]
[Site "Belgrade"]
[Date "1991.??.??"]
[Round "?"]
[White "Gelfand, Boris"]
[Black "Lautier, Joel"]
[Result "1-0"]
[WhiteElo "2665"]
[BlackElo "2560"]
[Annotator "Ftacnik,L"]
[PlyCount "53"]
[EventDate "1991.11.??"]
[EventType "tourn"]
[EventRounds "11"]
[EventCountry "YUG"]
[EventCategory "15"]
[SourceTitle "CBM 027"]
[Source "ChessBase"]
[SourceDate "1992.04.01"]
[SourceVersion "1"]
[SourceVersionDate "1992.04.01"]
[SourceQuality "1"]

1. d4 d5 2. c4 e6 3. Nf3 Nf6 4. Nc3 Bb4 5. Bg5 Nbd7 6. cxd5 exd5 7. e3 c5 8.
Bd3 c4 9. Bc2 Qa5 10. O-O Bxc3 11. bxc3 Ne4 12. Bh4 (12. Qe1 Qxc3 $1 13. Bxe4
Qxe1 14. Rfxe1 dxe4 15. Nd2 h6 16. Bf4 f5 17. Nxc4 Nf6 18. Rab1 b6 $10 {
Pachman,L}) 12... Qxc3 (12... Ndf6 13. Ne5 Be6 14. a3 g5 15. Bg3 O-O-O 16. Rb1
h5 $15 {Foltys-Milner Barry/Margate/1937/}) (12... Nxc3 13. Qe1 b6 14. e4 Nxe4
15. Bxe4 Qxe1 16. Rfxe1 dxe4 17. Rxe4+ Kf8 18. Rae1 g6 19. Re7 $16) 13. Rc1 Qa3
14. Bxe4 dxe4 15. Nd2 O-O (15... Qxa2 $2 16. Ra1 Qb2 17. Nxc4 Qb4 18. Ra4 Qf8
19. Bg3 $18) 16. Nxe4 $1 (16. Nxc4 Qxa2 17. Nd6 Qe6 18. Bg3 Nf6 $13) 16... b5 (
16... Qxa2 17. Nd6 f6 $8 18. Rxc4 Nb6 19. Rc7 Qe6 20. Bg3 Rd8 21. Qh5 $16) (
16... f5 17. Nc3 $16) 17. Bg3 Qe7 (17... Qxa2 18. Nd6 (18. Ra1 Qb3 (18... Qb2
19. Bd6 Re8 20. Ba3 Qb3 21. Nd6 $16) 19. Nd6 $16) 18... a6 19. Qf3 Nb6 (19...
Rb8 20. Nf5 $40) 20. Qc6 $16) 18. Nd6 Ba6 (18... a6 19. Qf3 Ra7 (19... Nb6 20.
Qc6 $16) 20. Qc6 Qd8 21. a4 $1 $16) 19. Re1 (19. a4 b4 20. Nxc4 Rfc8 21. Qf3
Qe6 $13) 19... f5 (19... Nf6 20. e4 $16) 20. Qf3 Qe6 (20... Nf6 $2 21. Qc6 $18)
21. Qc6 Nb6 22. Be5 Rad8 (22... Rac8 $2 23. Nxc8 $1 Qxc6 24. Ne7+ $18) 23. e4
f4 (23... fxe4 24. Rxe4 $40) 24. Nf5 $1 Qxc6 25. Ne7+ Kh8 26. Nxc6 Rd7 $2 (
26... Ra8 27. d5 $16) 27. Nb8 {Ftacnik,L} 1-0

[Event "URS-ch58"]
[Site "Moscow"]
[Date "1991.??.??"]
[Round "5"]
[White "Novikov, Igor A"]
[Black "Serper, Grigory"]
[Result "1/2-1/2"]
[WhiteElo "2550"]
[BlackElo "2490"]
[Annotator "Ftacnik,L"]
[PlyCount "80"]
[EventDate "1991.11.??"]
[EventType "swiss"]
[EventRounds "11"]
[EventCountry "URS"]
[SourceTitle "URS-ch"]
[Source "ChessBase"]
[SourceDate "1999.07.01"]
[SourceVersion "1"]
[SourceVersionDate "1999.07.01"]
[SourceQuality "1"]

1. d4 Nf6 2. c4 e6 3. Nf3 d5 4. Nc3 Bb4 5. Bg5 Nbd7 6. cxd5 exd5 7. e3 c5 8.
dxc5 Qa5 9. Rc1 Ne4 10. Qxd5 Nxc3 11. bxc3 Bxc3+ 12. Kd1 O-O 13. Bc4 Nf6 {N} (
13... Nxc5 $6 14. Be7 Be6 15. Qxc5 Qa4+ 16. Bb3 Bxb3+ 17. axb3 Qxb3+ 18. Ke2
Rac8 19. Qf5 Rfe8 20. Rhd1 g6 21. Qd7 b5 22. Nd2 Qb2 23. Kf1 {1-0/Novikov,
I-Tischbierek,R/Copenhagen op/1991/}) 14. Bxf6 Bxf6 15. Ke2 Bg4 (15... Be6 16.
Qe4 Bxc4+ 17. Qxc4 $14) 16. Rhd1 Rac8 (16... Rad8 17. Qxb7 Rxd1 18. Rxd1 Qxc5
19. Qb3 $16) 17. c6 $1 (17. Qxb7 Rxc5 $132) 17... Qxd5 18. Bxd5 bxc6 19. Rxc6
Rxc6 20. Bxc6 Rb8 (20... Bxf3+ 21. Kxf3 Rd8 22. Rb1 $16) 21. a4 Rb2+ 22. Kf1
Ra2 23. Rb1 Ra1 $1 (23... g6 24. Nd4 $16) 24. Rxa1 Bxa1 25. Nd4 Kf8 26. f3 Bc8
27. Ke2 Ke7 28. Kd3 Kd6 29. Bb5 f6 30. Kc2 (30. Nb3 Bb2 31. f4 Be6 $14) 30...
Kc7 31. Bd3 h6 32. f4 Bxd4 $1 33. exd4 a5 34. Kc3 Kd6 35. Bc4 (35. Kc4 Ba6+ 36.
Kc3 Bc8) 35... Bf5 36. Bb3 Be4 37. g3 (37. Kc4 Bd5+) 37... Bf5 38. Kd2 Be4 39.
Ke3 Bc6 40. h4 Bb7 {Ftacnik,L} 1/2-1/2

[Event "World Cup"]
[Site "Reykjavik"]
[Date "1991.??.??"]
[Round "5"]
[White "Karpov, Anatoly"]
[Black "Hjartarson, Johann"]
[Result "1-0"]
[WhiteElo "2730"]
[BlackElo "2550"]
[Annotator "Ftacnik,L"]
[PlyCount "95"]
[EventDate "1991.09.??"]
[EventType "tourn"]
[EventRounds "15"]
[EventCountry "ISL"]
[EventCategory "16"]
[SourceTitle "CBM 026"]
[Source "ChessBase"]
[SourceDate "1992.02.01"]
[SourceVersion "1"]
[SourceVersionDate "1992.02.01"]
[SourceQuality "1"]

1. d4 Nf6 2. c4 e6 3. Nf3 d5 4. Nc3 Bb4 5. cxd5 exd5 6. Bg5 Nbd7 7. e3 c5 8.
Bd3 c4 9. Bf5 Qa5 10. Qc2 O-O 11. O-O Re8 12. Bh4 g6 (12... Bxc3 13. bxc3 g6
14. Bxd7 Nxd7 15. Nd2 $14) 13. Bh3 Bxc3 14. bxc3 Ne4 15. Rfc1 $5 {N} (15. Rac1
Nb6 16. Bxc8 Raxc8 17. Ne5 f6 18. Ng4 f5 19. Nf6+ Nxf6 20. Bxf6 Na4 21. Be5 Re6
$13 {Dejkalo-Stempin,P/Polska ch/1990/}) 15... f6 (15... Nb6 16. Bxc8 Raxc8 17.
Nd2 $14) 16. Nd2 g5 17. Bg3 Nb6 18. Bxc8 Raxc8 19. Nf1 Na4 20. f3 Nxg3 (20...
Nexc3 $2 21. Be1 $18) 21. hxg3 b5 (21... Rc6 $5 22. g4 Rb6 $132) 22. g4 Rc6 23.
Kf2 Rce6 24. a3 a6 25. Qd2 Kh8 26. Rc2 Qc7 27. Re1 h5 $1 28. gxh5 f5 29. Rcc1 (
29. e4 f4 30. e5 Qh7 $132) 29... Qf7 (29... Qe7 $5) 30. Ng3 $1 f4 31. exf4 gxf4
(31... Qxf4 32. Qxf4 gxf4 33. Ne2 Rf6 34. Rc2 Re3 35. g4 $16) 32. Ne2 Qf6 (
32... Re3 33. Nxf4 Rxe1 34. Ng6+ $18) 33. Nxf4 Qh4+ 34. g3 Qh2+ 35. Ng2 Rxe1
36. Rxe1 Rxe1 37. Qxe1 Nb2 38. Qe8+ Kh7 39. f4 Nd3+ 40. Kf3 Qh1 41. Qe7+ Kh8 (
41... Kh6 42. Qf6+ Kh7 43. Qf7+ Kh8 44. Qxd5 Qd1+ 45. Ke4 Qe2+ 46. Ne3 $1 Nf2+
47. Kf5 Qxh5+ 48. Kf6 Ng4+ 49. Ke7 Qh7+ 50. Kd8 $18) 42. h6 Qd1+ 43. Qe2 Qh1
44. Kg4 Qd1 (44... Qxh6 45. Qe8+ Kg7 46. Nh4 $18) 45. Qxd1 Nf2+ 46. Kg5 Nxd1
47. f5 Nxc3 48. f6 $1 {Ftacnik,L} 1-0

[Event "Hamburg SKA"]
[Site "Hamburg"]
[Date "1991.06.28"]
[Round "2"]
[White "Cramling, Pia"]
[Black "Lobron, Eric"]
[Result "0-1"]
[WhiteElo "2470"]
[BlackElo "2545"]
[Annotator "Ftacnik,L"]
[PlyCount "98"]
[EventDate "1991.06.27"]
[EventType "tourn"]
[EventRounds "13"]
[EventCountry "GER"]
[EventCategory "11"]
[SourceTitle "CBM 024"]
[Source "ChessBase"]
[SourceDate "1991.10.01"]
[SourceVersion "1"]
[SourceVersionDate "1991.10.01"]
[SourceQuality "1"]

1. d4 Nf6 2. c4 e6 3. Nf3 d5 4. Nc3 Nbd7 5. Bg5 Bb4 6. e3 c5 7. cxd5 exd5 8.
Bd3 Qa5 9. Qc2 c4 10. Bf5 O-O 11. O-O Re8 12. Nd2 g6 13. Bxd7 Nxd7 14. Rae1
Bxc3 15. bxc3 Nb6 16. f3 Bd7 17. Bh4 Na4 18. Nb1 f5 {N} (18... Qb5 19. e4 Qb2
20. Qxb2 Nxb2 21. exd5 f5 22. Na3 b5 23. Rxe8+ Rxe8 24. Rb1 Na4 25. Nxb5 $16 {
Neverov,V-Dizdar,G/Voskresensk/1990/ ->CBM 19}) 19. h3 Bc6 20. g4 Rf8 21. Bg3
Rae8 22. Be5 $2 (22. Re2 $13) 22... Nc5 $1 23. Bd6 Nd3 24. Bxf8 Rxf8 (24...
Nxe1 25. Rxe1 Rxf8 26. Qg2) 25. Qg2 (25. Re2 Qd8 26. Rg2 Qh4 $36) 25... Nxe1
26. Rxe1 Qd8 27. Qg3 b5 $1 28. Nd2 (28. a3 Qe7 $17) 28... a5 29. e4 f4 30. Qf2
b4 31. e5 (31. exd5 Bxd5 32. Ne4 b3 $17) 31... Re8 32. Nb1 Re6 33. Re2 b3 $1
34. a3 (34. axb3 cxb3 35. Rb2 a4 36. Na3 Qe7 $19) 34... g5 35. Qe1 Be8 $1 36.
Qc1 Bg6 37. Nd2 Bd3 38. Rh2 Qb6 39. Nf1 (39. Kh1 b2 $19) 39... Rxe5 40. h4 Re2
41. Rxe2 Bxe2 42. Qe1 Qe6 43. Kf2 b2 44. hxg5 Kg7 45. Kg1 Qg6 46. Nd2 Qd3 47.
Kh2 Qe3 48. Nf1 Bxf1 49. Qxf1 Qd2+ {Ftacnik,L} 0-1

[Event "Bad Lauterberg Bohemia"]
[Site "Bad Lauterberg"]
[Date "1991.11.12"]
[Round "7"]
[White "Mohr, Stefan"]
[Black "Luther, Thomas"]
[Result "0-1"]
[WhiteElo "2465"]
[BlackElo "2495"]
[Annotator "Ftacnik,L"]
[PlyCount "94"]
[EventDate "1991.11.05"]
[EventType "tourn"]
[EventRounds "11"]
[EventCountry "GER"]
[EventCategory "10"]
[SourceTitle "CBM 027"]
[Source "ChessBase"]
[SourceDate "1992.04.01"]
[SourceVersion "1"]
[SourceVersionDate "1992.04.01"]
[SourceQuality "1"]

1. d4 e6 2. c4 Nf6 3. Nf3 d5 4. cxd5 exd5 5. Bg5 Nbd7 6. Nc3 Bb4 7. e3 c5 8.
Bd3 Qa5 9. Qc2 c4 10. Bf5 O-O 11. O-O Re8 12. Nd2 g6 13. Bxd7 Nxd7 14. Rae1 Nb6
15. f3 Bd7 16. Bh4 Bxc3 17. bxc3 Na4 18. Nb1 f5 (18... Qb5 19. e4 Qb2 20. Qxb2
Nxb2 21. exd5 f5 22. Na3 b5 23. Rxe8+ Rxe8 24. Rb1 Na4 25. Nxb5 Rb8 26. Na3
Rxb1+ 27. Nxb1 $16 {Neverov,V-Dizdar,G/Voskresensk/1990/}) 19. Bg3 {N} (19. h3
Bc6 20. g4 Rf8 21. Bg3 Rae8 22. Be5 Nc5 $5 23. Bd6 Nd3 24. Bxf8 Rxf8 $44 {
Cramling,P-Lobron,E/Hamburg SKA/1991/}) 19... Re6 20. Bf4 Rae8 21. h4 Qd8 22.
Qf2 (22. Bg5 Qc7 23. Bf4 Qd8 $10) 22... Bc8 23. Rc1 b5 24. Rc2 a5 25. a3 Qe7
26. Rfc1 Kg7 27. Qg3 $6 (27. Re1 $10) 27... Rxe3 $1 28. Bg5 (28. Be5+ Kg8 29.
Qf4 Rd3 $17) 28... Qe6 29. Qc7+ (29. Bxe3 Qxe3+ 30. Qf2 f4 31. Qxe3 Rxe3 32.
Kf2 Bf5 33. Rd2 Bxb1 34. Rxb1 Nxc3 $17) 29... Kg8 30. Bxe3 (30. Qxa5 Re1+ 31.
Kh2 Qd6+ $17) 30... Qxe3+ 31. Kh2 f4 32. Nd2 (32. Qxa5 Bf5 33. Qxb5 Bxc2 34.
Rxc2 Qe1 35. Qxd5+ Kh8 36. Qg5 Qxb1 37. Qf6+ Kg8 $19) 32... Bf5 33. Nf1 Qe7 34.
Qxf4 (34. Qxe7 Rxe7 35. Rd2 Bd3 $17) 34... Bxc2 35. Rxc2 Kg7 36. Ng3 Qf6 37.
Qg4 Kh8 (37... Re3 $2 38. Nh5+ $18) 38. h5 Qd6 39. f4 Rf8 40. Rf2 (40. Ne2 $17)
40... Nxc3 41. hxg6 Qxg6 42. Qh4 Qf6 43. Qh5 b4 44. Rf3 Ne4 45. Ne2 (45. Qxd5
Qh4+ 46. Kg1 Nxg3 47. Qe5+ Kg8 48. Qe6+ Rf7 49. Qe8+ Kg7 50. Qe5+ Kh6 $19)
45... Qf5 46. Qh6 Rg8 47. axb4 axb4 {Ftacnik,L} 0-1

[Event "Olympiad-43"]
[Site "Batumi"]
[Date "2018.10.03"]
[Round "9.4"]
[White "Martirosyan, Haik M"]
[Black "Sasikiran, Krishnan"]
[Result "1-0"]
[WhiteElo "2597"]
[BlackElo "2672"]
[Annotator "Ganguly, Surya Sekhar "]
[PlyCount "95"]
[EventDate "2018.09.24"]
[EventType "team-swiss"]
[EventRounds "11"]
[EventCountry "GEO"]
[SourceTitle "CBM 187"]
[Source "ChessBase"]
[SourceDate "2018.12.11"]
[SourceVersion "1"]
[SourceVersionDate "2018.12.11"]
[SourceQuality "1"]
[WhiteTeam "Armenia"]
[BlackTeam "India"]
[WhiteTeamCountry "ARM"]
[BlackTeamCountry "IND"]

1. d4 Nf6 2. Nf3 d5 3. c4 e6 4. Nc3 Bb4 {Sasi added the Ragozin to his already
broad opening arsenal very recently in 2018.} 5. Bg5 h6 6. Bxf6 Qxf6 7. Qa4+
Nc6 8. e3 O-O 9. Be2 {A well known setup in the Ragozin. White plays for
Black's c8 bishop and misplaced knight on c6. Black has many ways to play here
and different players have tried different plans from the black side. Usually
Black is doing fine here as per the current theory.} Bd7 (9... dxc4 {This move
is Aronian's favourite. He has tried it four times as Black.} 10. O-O Bd7 11.
Bxc4 Bxc3 12. bxc3 Rfd8 {The last time he played this was against Karjakin in
2018.} 13. Qa3 Qe7 14. Qxe7 Nxe7 {½-½ (39) Karjakin,S (2782)-Aronian,L (2764)
Stavanger 2018. The game was drawn eventually.}) 10. Qb3 dxc4 11. Qxc4 Qe7 (
11... Qg6 12. O-O Bd6 {This is Chinese style. Many top Chinese player are
doing this. Mainly Yu Yangi has played this a lot. The idea is to simply play
Na5 next and exchange queens.} 13. Rfd1 Na5 14. Qd3 Qxd3 15. Bxd3 {Yu Yangi
has tried this from the black side a number of times with good results. It was
also played twice successfully by Eesha when she drew against Diptayan and
Vidit.}) (11... Bd6 12. O-O Qg6 {Another move order to get the same position
discussed above.}) 12. O-O Bd6 {I am not sure if Sasi mixed up his preparation
or willingly opted for this setup. Somehow, I don't like this idea. It’s a
bit too late and a little passive to play for Bd6-e5 now. White will be in
time to create some pressure in the meantime.} (12... Na5 $1 {Wojtaszek has
thrice played this move which in my opinion is the most critical in this
position.} 13. Qxc7 {otherwise c5 was coming} Rac8 14. Qe5 Bxc3 15. bxc3 Qa3
16. Nd2 (16. Rac1 Rxc3 17. Rxc3 Qxc3 18. d5 Qc2 {Soon it will fizzle out to a
drawn endgame.}) 16... Qxc3 17. Ne4 Qa3 18. Bf3 Nc4 19. Qg3 Bc6 20. Nf6+ Kh8
21. Nh5 Rg8 {1/2 (52)-1/2 (52) Vachier Lagrave,M (2758)-Wojtaszek,R (2724)
Saint-Quentin 2014, was fine for Black.}) 13. Ne4 $14 {I already like White's
position.} Rfc8 (13... e5 14. d5 Nb8 {with the bishop on d7 Black now will
have to waste a few more moves to get the knight into the game. Clearly this
is not the way Black wants to play.}) (13... a5 14. Rfc1) 14. Rfc1 $146 (14.
Rac1 {1/2 (73)-1/2 (73) Moiseenko,A (2677)-Michalik,P (2558) Minsk 2017}) 14...
e5 15. d5 Nd8 {It already looks like something has gone wrong for Black. The
knight clearly doesn't belong on d8.} 16. Nxd6 (16. Qb3 $1 $14 {would have
been stronger}) 16... cxd6 (16... Qxd6 17. Qe4 $16) 17. Qb4 b6 {[%cal Gd8b7,
Gb7c5]} 18. Nd2 (18. Ba6 $142 Rc5 {but then where will the d8-knight go?} 19.
Nd2 {As Black is not able to take on d5 yet} Bc8 (19... Rxd5 20. Qe4 Be6 21.
Bc4 Qb7 22. Bxd5 Bxd5 23. Qg4 Ne6 24. Rc2 $16) 20. Bc4 Nb7 21. Qa3 $1 {[%cal
Gb2b4]} b5 22. Be2 Rxd5 23. Ne4 $14 {[%csl Rd5]}) 18... Nb7 {Sasi thought for
quite some time here so I assume he was probably considering whether to play
Nb7 directly or after taking on c1.} (18... Rxc1+ 19. Rxc1 Nb7 {[%cal Gb7c5]}
20. Rc7 {Just a temporary placement for the rook} (20. Qa3 Qd8 {It is no fun
to play like this but White is not able to exert immediate pressure.} 21. Ba6
Nc5 22. b4 Nxa6 23. Qxa6 Bc8 24. Qd3 Bd7) 20... Nc5 {[%cal Ge7d8]} 21. Qa3 {
[%cal Gb2b4,Gc7a7]} a5 22. b4 Qd8 $1 23. bxc5 Qxc7 24. c6 Bxc6 25. dxc6 Qxc6
$132 {the position remains dynamically balanced.}) 19. Rxc8+ Bxc8 (19... Rxc8
$142 20. Ba6 Rc7 21. Bxb7 Rxb7 22. Rc1 {It doesn't look very appealing with
the rook on c7 and no control on the c-file but the engine holds without much
trouble.}) 20. Rc1 Nc5 $6 (20... Bd7 {It would have been better to play this
which transposes to a line we just saw before.}) 21. Qa3 $1 {now b4 is
unstoppable.} Bf5 (21... a5 22. b4 $16) (21... Bd7 22. b4 Na4 23. Ba6 $16) 22.
b4 Ne4 {Both Nd7 and Nb7 were bad as well. At least this will create some
complications.} 23. Bd3 $1 Nxd2 24. Bxf5 Qg5 (24... b5 25. Qa6 $18) (24... e4
25. Bc8 $1 {[%cal Ga3c3]} b5 26. Qc3 Nc4 27. Ba6 $18) 25. Qxa7 $1 {I am
absolutely certain that Sasi didn't miss this. Under the given circumstances
this is all he could do to make things messy in order to provoke White into
making some mistakes. He even succeeded in doing so by changing the nature of
the position but unfortunately couldn't cash in on his opponent's mistake when
it actually came.} Rf8 26. Bh3 $6 (26. Bd7 $1 {simply would not have allowed
the tactics which occurred in the game.} Nf3+ 27. Kh1 Nh4 28. Bh3 $18) 26...
Nf3+ 27. Kh1 Qh4 $1 {[%csl Rh3] Thanks to the bishop on h3 this move is
possible and Black will also gain a few more tempi due to Ng5} 28. Qxb6 Ng5 $1
{[%cal Gg5h3,Gg5e4,Gh4f2]} 29. Kg1 Nxh3+ $2 {It was understandably very
tempting to shatter White's kingside in order to fish for some perpetual but
this was the precise moment where it was possible to launch a concrete attack.}
(29... Ne4 $1 30. Rc2 {This must be the move which bothered Sasi. Now Black
had two ways to create a counter-attack but both needed very precise
calculation.} (30. Rf1 Nd2 31. Re1 Ne4 32. Re2 Nc3 (32... f5 $132 {[%cal Ge4g5,
Gg5h3]}) 33. Rd2 Qc4 $132) 30... Qh5 {This is very direct but easy to miss the
nice geometry here.} (30... f5 {[%csl Rh3][%cal Ge4g5,Gg7g5] I would think
this is very human. As normal play will surely lose why not to just throw
everything at the kingside?} 31. Qc7 (31. b5 g5 {at least creats a mess. For
what it is worth... the engine calls it 0.00.}) 31... Ng5 {[%cal Gg5h3]} 32.
Qxd6 Qe4 $44 {[%cal Gg5h3,Gf8f6]}) 31. f3 Ng5 32. Bd7 (32. Bg4 Qg6) 32... Nxf3+
$1 {Not at all easy to spot! Specially while having the option of 29...Nh3
which can shatter the kingside in one shot.} 33. gxf3 Qg6+ 34. Rg2 Qb1+ 35. Kf2
Qc2+ 36. Kg3 Qg6+ 37. Bg4 f5 $11) 30. gxh3 Qxh3 31. Qxd6 Qg4+ 32. Kf1 Qe4 (
32... Qh3+ 33. Ke1 Qxh2 34. Qc5 $18) 33. Qc6 $6 (33. Qc5 Ra8 {The only reason
why White should not have played this move} 34. Qc4 {The simplest} (34. a4 $5
Rxa4 35. Qc8+ Kh7 36. Qc4 {+3 as per my engine!}) 34... Qxc4+ (34... Qh1+ 35.
Ke2 Qxh2 36. Rc2 $18) 35. Rxc4 Rxa2 36. d6 $18) 33... Qxb4 34. d6 Qd2 $2 (34...
Rd8 $1 {would have still given Black a tremendous chance to escape with a draw.
} 35. Rd1 (35. d7 Qd2) 35... Qg4 $1 36. Qd5 (36. f3 Qe6) 36... Qh3+ 37. Ke1
Qxh2 38. d7 Qg1+ $132) 35. Qc7 $1 $18 {[%csl Rf8] Now it's all over. Black
rook will not come into the game again.} g6 (35... Ra8 36. d7) (35... Kh7 36.
Qc2+ Qxc2 37. Rxc2 {would just prolong the game but white will win anyways})
36. d7 h5 37. Qc8 Kh7 38. Rc4 Qd1+ 39. Kg2 e4 40. Rc1 Qg4+ 41. Kf1 Qh3+ 42. Ke1
Qxh2 43. Qxf8 Qg1+ 44. Ke2 Qg4+ 45. Kd2 Qxd7+ 46. Ke1 Qd5 47. Rc8 g5 48. Qc5
1-0